Status, impacts and trends of alien species that threaten ecosystems, habitats and species (Registro nro. 5094)

Detalles MARC
000 -CABECERA
Campo de control 00532nam a2200181 a 4500
005 - FECHA Y HORA DE LA ULTIMA TRANSACCION
Campo de control 20200529103229.0
008 - ELEMENTOS DE LONGITUD FIJA—INFORMACION GENERAL
Campo de control 140318b2001 ||||| |||| 00| 0 eng d
040 ## - FUENTE DE CATALOGACIÓN
Agencia catalogadora original CO-BoIAVH
Agencia transcriptora CO-BoIAVH
041 ## - IDIOMA
Código de idioma para texto/pista de sonido o título separado Inglés
090 ## - CLASIFICACIÓN LOCAL
Colección LB
Consecutivo 04482
245 ## - MENCION DE TITULO
Título Status, impacts and trends of alien species that threaten ecosystems, habitats and species
260 ## - PUBLICACION, DISTRIBUCION, ETC. (PIE DE IMPRENTA)
Lugar de publicación, distribución, etc. s.l.
Nombre del editor, distribuidor, etc. UNEP
-- CBD
Fecha de publicación, distribución, etc. 2001
300 ## - DESCRIPCION FISICA
Extensión 29 p.
650 #0 - ASIENTO SECUNDARIO DE MATERIA - TERMINO TEMATICO
Término temático o nombre geográfico como elemento de entrada Especies exóticas
Subdivisión de forma Estado
650 #0 - ASIENTO SECUNDARIO DE MATERIA - TERMINO TEMATICO
Término temático o nombre geográfico como elemento de entrada Impacto ambiental
942 ## - ELEMENTOS ADICIONALES (KOHA)
Tipo de ítem Folleto
Sistema de clasificación Local
945 ## - PROCESAMIENTO LOCAL
AAAA-MM-DD - Fecha de ingreso o modificacion 2006-01-05
Existencias
Withdrawn status Lost status Sistema de Clasificación Damaged status No para préstamo Colección Ubicación Permanente Ubicación actual Fecha de adquisición Total Checkouts Número topográfico Inventario / Código de Barras Date last seen Ejemplar Price effective from Tipo de material
    Local     General Villa de Leyva Villa de Leyva 05/01/2006   LB-04482 015159 04/12/2012 Ej. 1 04/12/2012 Folleto